| 000 | 01388cam a22003854i 4500 | ||
|---|---|---|---|
| 003 | PE-LiUPU | ||
| 005 | 20250731183356.0 | ||
| 008 | 170222s r 000 0 spa d | ||
| 020 | _a9786124058028 | ||
| 035 | _a(Sirsi) a167096 | ||
| 040 |
_aPE-LiUPU _bspa _cPE-LiUPU _erda |
||
| 049 | _aPRUA | ||
| 082 | 0 | 4 |
_a739.46824 _G79 _220 |
| 040 | _aPE-LiUPU | ||
| 245 | 0 | 3 |
_aEl gran libro del hierro y la forja / _cÁlex Sánche Vidiella [coordinador]. |
| 250 | _aPrimera edición. | ||
| 264 | 1 |
_aEspaña : _bLEXUS, _c2010. |
|
| 300 |
_a199 páginas : _bilustraciones ; _c34 centímetros |
||
| 336 |
_atext _2rdacontent |
||
| 337 |
_aunmediated _2rdamedia |
||
| 338 |
_avolume _2rdacarrier |
||
| 505 | 0 | _aIntroducción -- Propiedades técnicas del hierro forjado -- Diseños para el exterior -- Diseños para el interior --Información técnica. | |
| 526 | _aP158 | ||
| 526 | _aP146 | ||
| 526 | _aP17 | ||
| 526 | _aP12 | ||
| 526 | _aP06 | ||
| 650 | 0 | 4 | _aHierros forjados |
| 910 |
_ajck _bncf _cncf _d20170222 |
||
| 942 |
_2ddc _cBOOK |
||
| 994 |
_aC0 _bPEPRU |
||
| 596 | _a1 | ||
| 999 |
_a739.46824 G79 _wDEWEY _c15848 _i70715 _d15848 _e2018-4-20 _f2021-11-10 _g4 _lCCODEBUL1 _mBUL _n1 _p38.99 _q2 _r0 _sY _tBOOK _u2017-2-22 _xINGENIERIA _PP06 _0COMPRA _o.STAFF. Colección Ingenieria y Arquitectura |
||
| 980 |
_81 _gALBERTO SANCHEZ Responsable de Automatización |
||